№ 1 (91); Ядерная и радиационная безопасность

Podrobná bibliografie
Parent link:Ядерная и радиационная безопасность: научно-практический журнал/ Научно-технический центр по ядерной и радиационной безопасности. № 1 (91).— , 2016-.— 2218-8665
Jazyk:ruština
Vydáno: 2019
On-line přístup:https://nrs-journal.ru/sections/contents/contents-91/
https://elibrary.ru/contents.asp?id=37652821
Médium: MixedMaterials Elektronický zdroj Kniha
KOHA link:https://koha.lib.tpu.ru/cgi-bin/koha/opac-detail.pl?biblionumber=583665

MARC

LEADER 00000nam2a2200000 4500
001 583665
005 20231101131032.0
035 |a (RuTPU)RU\TPU\prd\284822 
035 |a RU\TPU\prd\283305 
090 |a 583665 
100 |a 20190621a19989999k y0rusy50 ca 
101 0 |a rus 
102 |a RU 
181 0 |a i  
182 0 |a b 
200 0 |a № 1 (91)  |b Электронный ресурс 
203 |a Текст  |c электронный 
210 |d 2019 
461 1 |0 (RuTPU)RU\TPU\prd\277666  |x 2218-8665  |t Ядерная и радиационная безопасность  |o научно-практический журнал  |f Научно-технический центр по ядерной и радиационной безопасности  |v № 1 (91)  |d 2016- 
801 0 |a RU  |b 63413507  |c 20010227  |g PSBO 
801 1 |a RU  |b 63413507  |c 20160324 
801 2 |a RU  |b 63413507  |c 20190621  |g RCR 
856 4 0 |u https://nrs-journal.ru/sections/contents/contents-91/ 
856 4 0 |u https://elibrary.ru/contents.asp?id=37652821 
942 |c BK